002430000a220007300045001000019000002450059000193000045000787730046001231 aSogaard, Viggo10aThe emergence of audio-scripture in church and mission aVol. 12, Núm 2 (1995), Páginas 71-750 tInternational Journal of Frontier Misions